[Event "Challenge"]
[Site "http://www.queenalice.com/game.php?id=421248"]
[Date "2008.6.21"]
[Round "-"]
[White "Fura"]
[Black "RichardN"]
[Result "1-0"]
[WhiteElo "1265"]
[BlackElo "1443"]

1. e4 e5 2. Nf3 Nc6 3. Bc4 Nf6 4. d3 Bb4+ 5. c3 Bc5 6. Be3 Bxe3 7. fxe3 O-O 8.
Nbd2 d6 9. Qb3 Na5 10. Qa4 Nxc4 11. dxc4 Bd7 12. Qd1 Bg4 13. O-O b6 14. b4 a5
15. h3 Bxf3 16. Rxf3 axb4 17. cxb4 c5 18. Rg3 Nh5 19. Qxh5 cxb4 20. Nb3 Rc8 21.
Nd2 g6 22. Qh6 Qf6 23. Rf1 Qe7 24. Nf3 Rxc4 25. Ng5 Rc2 26. Qxh7# 1-0

[Event "RichardN"]
[Site "http://www.queenalice.com/game.php?id=423868"]
[Date "2008.6.27"]
[Round "5"]
[White "RichardN"]
[Black "scottw"]
[Result "1-0"]
[WhiteElo "1436"]
[BlackElo "1200"]

1. e4 e5 2. Nf3 Nc6 3. d3 Nf6 4. Be3 d5 5. exd5 Nxd5 6. Nc3 Nxe3 7. fxe3 Bc5 8.
d4 Bd6 9. Bb5 exd4 10. Nxd4 Qh4+ 11. g3 1-0

[Event "Challenge"]
[Site "http://www.queenalice.com/game.php?id=435442"]
[Date "2008.7.18"]
[Round "-"]
[White "RichardN"]
[Black "edsonholanda"]
[Result "0-1"]
[WhiteElo "1443"]
[BlackElo "1634"]

1. e4 e5 2. Nc3 Nc6 3. Bb5 Nge7 4. Nf3 a6 5. Bxc6 Nxc6 6. O-O Bc5 7. d3 O-O 8.
Bg5 f6 9. Bh4 d6 10. Nd5 Nb4 11. Nxb4 Bxb4 12. a3 Bc5 13. b4 Bb6 14. g3 Bg4 15.
a4 g5 16. Bxg5 fxg5 17. h4 gxh4 18. gxh4 Bxf3 19. Qe1 Qxh4 0-1

[Event "Challenge"]
[Site "http://www.queenalice.com/game.php?id=437950"]
[Date "2008.7.23"]
[Round "-"]
[White "RichardN"]
[Black "sk137"]
[Result "0-1"]
[WhiteElo "1416"]
[BlackElo "1527"]

1. e4 e5 2. Nf3 d6 3. Bc4 Bg4 4. O-O Nf6 5. Nc3 Nc6 6. h3 Bh5 7. d3 h6 8. Nd5 a6
9. Be3 b5 10. Bb3 Be7 11. Nxe7 Nxe7 12. c4 O-O 13. Rc1 b4 14. c5 d5 15. Nxe5
Bxd1 16. Rcxd1 a5 17. a4 bxa3 18. bxa3 a4 0-1

[Event "QA-ANNIV-04"]
[Site "http://www.queenalice.com/game.php?id=445658"]
[Date "2008.8.8"]
[Round "2"]
[White "RichardN"]
[Black "Undertaker"]
[Result "0-1"]
[WhiteElo "1424"]
[BlackElo "1825"]

1. e4 e5 2. Nf3 Nc6 3. Nc3 Bb4 4. a3 Bxc3 5. dxc3 h6 6. Bc4 Nf6 7. Be3 O-O 8.
Qd3 d6 9. O-O Bg4 10. Bd5 Bxf3 11. gxf3 a6 12. b4 Rb8 13. Bxc6 bxc6 14. f4 Re8
15. Qxa6 exf4 16. Bxf4 Rxe4 17. Bg3 Qd7 18. Rae1 Rbe8 19. Rxe4 Nxe4 20. Qd3 Nxg3
21. Qxg3 Re6 22. Kh1 Rg6 23. Qf3 Qe6 24. Qxc6 Qg4 25. Rg1 Qxg1# 0-1

[Event "Why are people so unkind?"]
[Site "http://www.queenalice.com/game.php?id=446441"]
[Date "2008.8.12"]
[Round "-"]
[White "RichardN"]
[Black "chaosagent"]
[Result "0-1"]
[WhiteElo "1435"]
[BlackElo "1475"]

1. e4 e5 2. Nf3 Nc6 3. Bc4 Bc5 4. O-O d6 5. d3 Nf6 6. Be3 Bxe3 7. fxe3 O-O 8.
Nc3 h6 9. b3 Bg4 10. h3 Bh5 11. d4 Bg6 12. Qd3 Nb4 13. dxe5 Nxd3 14. exf6 Nc5
0-1

[Event "Challenge"]
[Site "http://www.queenalice.com/game.php?id=448084"]
[Date "2008.8.13"]
[Round "-"]
[White "RichardN"]
[Black "Fura"]
[Result "0-1"]
[WhiteElo "1422"]
[BlackElo "1374"]

1. e4 e5 2. Nf3 Nc6 3. Bc4 Nf6 4. Nc3 Bc5 5. O-O d6 6. d3 Bg4 7. Bg5 h6 8. Bxf6
gxf6 9. h3 Bh5 10. b3 f5 11. exf5 Nd4 12. Nxd4 Bxd1 0-1

[Event "Challenge"]
[Site "http://www.queenalice.com/game.php?id=450619"]
[Date "2008.8.19"]
[Round "-"]
[White "RichardN"]
[Black "edsonholanda"]
[Result "0-1"]
[WhiteElo "1370"]
[BlackElo "1656"]

1. e4 e5 2. Nc3 Nc6 3. Bc4 Bb4 4. Nf3 Bxc3 5. dxc3 Nf6 6. Bg5 h6 7. Bxf6 Qxf6 8.
O-O O-O 9. Qd5 d6 10. Rad1 Be6 11. Qd3 Bxc4 12. Qxc4 Qe6 13. Qxe6 fxe6 14. g3
Rxf3 15. h4 a5 16. Rd3 Rxd3 17. cxd3 b5 18. f4 exf4 19. Rxf4 Rf8 20. Rxf8+ Kxf8
21. Kf2 d5 22. Kf3 dxe4+ 23. Kxe4 Ke7 24. d4 Kf6 25. g4 g5 26. hxg5+ hxg5 27. a3
b4 28. d5 exd5+ 29. Kxd5 Ne7+ 30. Kc4 Ke5 31. Kb5 bxc3 32. bxc3 Kf4 33. Kxa5
Kxg4 34. a4 Kf4 35. Kb5 g4 36. a5 g3 37. a6 Nc8 38. Kc6 g2 0-1

[Event "AUTO-OPEN-1242"]
[Site "http://www.queenalice.com/game.php?id=454073"]
[Date "2008.8.26"]
[Round "1"]
[White "xerxe"]
[Black "RichardN"]
[Result "1-0"]
[WhiteElo "1582"]
[BlackElo "1422"]

1. e4 e5 2. Nf3 Nc6 3. Bc4 Bc5 4. c3 Nf6 5. d4 exd4 6. cxd4 Bb4+ 7. Nc3 Nxe4 8.
O-O Bxc3 9. d5 Na5 10. bxc3 Nxc4 11. Qd4 Ned6 12. Re1+ Kf8 13. Bh6 Kg8 14. Qxg7#
1-0

[Event "AUTO-OPEN-1242"]
[Site "http://www.queenalice.com/game.php?id=454074"]
[Date "2008.8.26"]
[Round "1"]
[White "RichardN"]
[Black "xerxe"]
[Result "0-1"]
[WhiteElo "1391"]
[BlackElo "1641"]

1. e4 e5 2. Nf3 Nc6 3. d3 Nf6 4. Be2 Bc5 5. Be3 Nd4 6. Nxe5 d6 7. Ng4 Nxe2 8.
Qxe2 Bxg4 9. f3 Be6 10. Bg5 O-O 11. Nc3 c6 12. O-O-O Re8 13. b3 Qa5 14. Na4 b5
15. Nxc5 dxc5 16. Bxf6 gxf6 17. h4 Qc7 18. g4 h6 19. h5 Qe5 20. c4 Qa1+ 21. Kc2
Qxa2+ 0-1

[Event "AUTO-OPEN-1242"]
[Site "http://www.queenalice.com/game.php?id=454101"]
[Date "2008.8.26"]
[Round "1"]
[White "DiegoRB"]
[Black "RichardN"]
[Result "1-0"]
[WhiteElo "1640"]
[BlackElo "1347"]

1. e4 e5 2. d4 exd4 3. Qxd4 Nc6 4. Qe3 Bb4+ 5. Nc3 Nf6 6. Bd2 O-O 7. Nf3 Re8 8.
Bc4 Bxc3 9. Bxc3 Rxe4 10. Bxf6 Rxe3+ 11. fxe3 Qxf6 12. c3 d6 13. O-O Ne5 14.
Nxe5 Qxe5 15. Bxf7+ 1-0

[Event "AUTO-OPEN-1242"]
[Site "http://www.queenalice.com/game.php?id=454102"]
[Date "2008.8.26"]
[Round "1"]
[White "RichardN"]
[Black "DiegoRB"]
[Result "0-1"]
[WhiteElo "1347"]
[BlackElo "1634"]

1. e4 e5 2. Nc3 Nf6 3. Nf3 d5 4. Bb5+ c6 5. Bd3 Bb4 6. Nxe5 Bxc3 7. dxc3 Nbd7 8.
Bf4 Qe7 9. O-O Nxe5 10. Bxe5 Qxe5 11. Re1 Ng4 12. h3 Qh2+ 13. Kf1 Qh1+ 14. Ke2
Qxg2 0-1

[Event "AUTO-OPEN-1242"]
[Site "http://www.queenalice.com/game.php?id=454120"]
[Date "2008.8.26"]
[Round "1"]
[White "RichardN"]
[Black "cridio"]
[Result "0-1"]
[WhiteElo "1326"]
[BlackElo "1440"]

1. e4 e6 2. d3 Qh4 3. Nf3 Bb4+ 4. Bd2 Bxd2+ 5. Nbxd2 Qf6 6. Nc4 b5 7. Nce5 Nc6
8. Nxc6 dxc6 9. Be2 Qxb2 10. O-O Nf6 11. c4 bxc4 12. dxc4 Nxe4 13. Nd4 Nc3 0-1

[Event "Challenge"]
[Site "http://www.queenalice.com/game.php?id=457474"]
[Date "2008.9.3"]
[Round "-"]
[White "RichardN"]
[Black "Fura"]
[Result "0-1"]
[WhiteElo "1382"]
[BlackElo "1634"]

1. e4 e5 2. Nc3 Nc6 3. Nf3 Nf6 4. d3 Bb4 5. Be2 d5 6. Bd2 h6 7. O-O a6 8. a3 Be7
9. Be3 d4 10. Nd5 dxe3 11. fxe3 Nxd5 12. Qd2 Nb6 13. g3 Bh3 14. Rf2 g5 15. b4 h5
16. c4 g4 17. Nh4 Bxh4 18. gxh4 Qxh4 19. c5 g3 20. hxg3 Qxg3+ 21. Rg2 Qxg2# 0-1

[Event "AUTO-INT-1023"]
[Site "http://www.queenalice.com/game.php?id=457501"]
[Date "2008.9.3"]
[Round "1"]
[White "montelo"]
[Black "RichardN"]
[Result "1-0"]
[WhiteElo "1619"]
[BlackElo "1376"]

1. e4 e5 2. Qh5 Nc6 3. Nc3 g6 4. Qf3 Nf6 5. Nd5 d6 6. Nxf6+ Ke7 7. Nd5+ Ke8 8.
d3 Nd4 9. Qd1 Be6 10. c4 Bg7 11. Nf3 c6 12. Nb4 Nxf3+ 13. Qxf3 c5 14. Nd5 Qa5+
15. Bd2 Qd8 16. Bg5 Qxg5 17. Nc7+ Kd8 18. Nxa8 Bh6 19. Rd1 Bg4 20. Qxf7 Bxd1 21.
f4 Qxf4 22. Qxf4 Bxf4 23. Kxd1 Ke7 24. Nc7 Rc8 25. Nd5+ Kd8 26. Nxf4 exf4 27.
Be2 b6 28. Bg4 Rc6 29. h4 h5 30. Be6 Ke7 31. Bd5 Rc8 32. Rf1 Rf8 33. Ke2 a6 34.
Kf3 b5 35. b3 Rb8 36. Bc6 bxc4 37. dxc4 Rb6 38. Bd5 a5 39. Re1 Ra6 40. e5 dxe5
41. Rxe5+ Kd6 42. Re6+ Kc7 43. Rxa6 1-0

[Event "AUTO-INT-1023"]
[Site "http://www.queenalice.com/game.php?id=457502"]
[Date "2008.9.3"]
[Round "1"]
[White "RichardN"]
[Black "montelo"]
[Result "0-1"]
[WhiteElo "1357"]
[BlackElo "1596"]

1. e4 e5 2. Nf3 Nf6 3. Nc3 d6 4. d3 c6 5. Be2 g6 6. h4 Qb6 7. Be3 Qxb2 8. Bd2
Qb6 9. Na4 Qc7 10. Ng5 b5 11. Nc3 Qb6 12. O-O h5 13. a4 b4 14. Nb1 Qd4 15. Ra2
Nh7 16. c3 bxc3 17. Bxc3 Qc5 18. g3 Be6 19. Nxe6 fxe6 20. Bf3 d5 21. Bxe5 Rg8
22. Rb2 Nd7 23. Bf4 Qd4 24. Rd2 Nc5 25. Be3 Qf6 26. Bxc5 Bxc5 27. d4 Bb4 28. Rd3
g5 29. Bxh5+ Kd7 30. e5 Qf5 31. Bg4 Qg6 32. Qb3 a5 33. Nd2 Rab8 34. Nf3 Be7 35.
Qc2 Qe4 36. Bh3 g4 37. Re1 Qf5 38. Rc3 Bb4 39. Qxf5 exf5 40. e6+ Ke7 41. Rxc6
Bxe1 42. Nxe1 gxh3 43. Rc7+ Kxe6 44. Rxh7 Rb1 45. Rh6+ Kf7 0-1

[Event "AUTO-INT-1023"]
[Site "http://www.queenalice.com/game.php?id=457519"]
[Date "2008.9.3"]
[Round "1"]
[White "RichardN"]
[Black "etits"]
[Result "0-1"]
[WhiteElo "1299"]
[BlackElo "1728"]

1. e4 c5 2. d4 cxd4 3. Qxd4 Nc6 4. Qa4 d6 5. Bb5 Bd7 6. Nf3 Nf6 7. Nc3 e6 8. O-O
Be7 9. Re1 O-O 10. e5 dxe5 11. Nxe5 Nxe5 12. Rxe5 Qc7 13. Bf4 Bd6 14. Re2 Bxf4
15. g3 Bd6 16. f4 Bc5+ 17. Kh1 Bxb5 18. Nxb5 Qc6+ 19. Rg2 a6 20. Nc3 Rad8 0-1

[Event "AUTO-INT-1023"]
[Site "http://www.queenalice.com/game.php?id=457520"]
[Date "2008.9.3"]
[Round "1"]
[White "etits"]
[Black "RichardN"]
[Result "1-0"]
[WhiteElo "1843"]
[BlackElo "1334"]

1. e4 e5 2. Nf3 Nc6 3. Bc4 Bc5 4. Nc3 d6 5. h3 Be6 6. Nd5 Nf6 7. d3 O-O 8. Bg5
h6 9. Nxf6+ Kh8 10. Nh7 Qe8 11. Nxf8 Qxf8 12. Bh4 a5 13. O-O f6 14. Kh1 Bxc4 15.
dxc4 Nb4 16. c3 1-0

[Event "AUTO-INT-1023"]
[Site "http://www.queenalice.com/game.php?id=457521"]
[Date "2008.9.3"]
[Round "1"]
[White "RichardN"]
[Black "chess_wizard"]
[Result "0-1"]
[WhiteElo "1365"]
[BlackElo "1655"]

1. e4 c5 2. d4 cxd4 3. Qxd4 Nc6 4. Qe3 d6 5. Nc3 Nf6 6. Nf3 e6 7. Bd3 Be7 8. O-O
Bd7 9. b3 O-O 10. Ng5 Ng4 11. Qh3 Bxg5 0-1

[Event "AUTO-INT-1023"]
[Site "http://www.queenalice.com/game.php?id=457522"]
[Date "2008.9.3"]
[Round "1"]
[White "chess_wizard"]
[Black "RichardN"]
[Result "1-0"]
[WhiteElo "1659"]
[BlackElo "1361"]

1. e4 e5 2. Nf3 Nc6 3. Bc4 Nf6 4. Nc3 Bd6 5. a3 O-O 6. O-O b6 7. d3 a5 8. Bg5
Ba6 9. Bb3 h6 10. Bh4 Bc5 11. Nd5 Nd4 12. Nxd4 1-0

[Event "Challenge"]
[Site "http://www.queenalice.com/game.php?id=463755"]
[Date "2008.9.15"]
[Round "-"]
[White "Mahalael"]
[Black "RichardN"]
[Result "1-0"]
[WhiteElo "1297"]
[BlackElo "1412"]

1. e4 e5 2. Nf3 Nc6 3. Bc4 Nf6 4. Ng5 d5 5. Bxd5 Nxd5 6. Qf3 Qxg5 7. h4 Qh6 8.
h5 Bc5 9. exd5 Nd4 10. Qc3 Bb4 11. Qxb4 Nxc2+ 12. Kd1 Nxb4 13. d4 Bg4+ 14. f3
Qd6 15. fxg4 Qxd5 16. a3 Qxd4+ 17. Bd2 O-O-O 18. axb4 Qxb4 19. Re1 Rd3 20. Rxe5
Rhd8 21. Re2 1-0

[Event "Challenge"]
[Site "http://www.queenalice.com/game.php?id=464506"]
[Date "2008.9.17"]
[Round "-"]
[White "RichardN"]
[Black "rdaigle2003"]
[Result "0-1"]
[WhiteElo "1351"]
[BlackElo "1659"]

1. e4 e5 2. Nf3 Nc6 3. Bc4 h6 4. O-O Nf6 5. d3 d5 6. Bb5 dxe4 7. Nxe5 a6 8. Nxc6
Qd7 9. Ba4 bxc6 10. dxe4 Qxd1 11. Rxd1 Bd7 12. e5 Nd5 13. Nc3 O-O-O 14. Nxd5
cxd5 15. Bb3 Bc5 16. Bxd5 Rhf8 17. Be3 Bxe3 18. fxe3 Rde8 19. Re1 Rxe5 20. e4 c6
21. Bc4 f5 22. Bxa6+ Kc7 23. exf5 Rxe1+ 24. Rxe1 Ra8 25. Bc4 Bxf5 26. Re7+ Kd6
27. Rxg7 Kc5 0-1